000 01301nam a2200301 4500
001 178803
003 ES-MaACL
005 20230905164247.0
008 110704s2007 sp afo |||| |dspa d
020 _a978-84-611-8004-2
080 _a636.043.3(460.189)
100 1 _aSanchidrián Gallego, Jesús María José.
_9103003
245 1 0 _aAvileños :
_bel trato de los animales de labor : fotografías /
_cJesús Mª J. Sanchidrián Gallego.
250 _a1ª ed.
260 _aÁvila :
_bPiedra Caballera,
_c2007.
300 _a222 p. :
_bprincipalmente il., fot. ;
_c18 x 25 cm.
490 1 _aEstampas de la tierra de Ávila ;
_v5
505 8 _aContiene: El trato de los animales de labor ; Cuaderno de viaje ; Currículum [del autor]
600 1 4 _aSanchidrián Gallego, Jesús María José.
_9103003
650 4 _aAnimales de tiro-
_zÁvila (Provincia)
_9174075
651 4 _aÁvila (Provincia)-
_xUsos y costumbres.
_9174076
651 4 _aÁvila (Provincia)-
_vObras ilustradas.
_9174073
830 1 _aEstampas de la tierra de Ávila ;
_v5
_9191035
852 4 _aES-MaACL
_jA-11303
_9185664
_bR.145560
_cDEPO1
_dOlim: N-4307
_xDonación: Jesús María J. Sachidrián Gallego
903 _9103003
_aSanchidrián Gallego, Jesús María José
_ednr
942 _2udc
999 _c178803
_d178803